000 00492nam a22001457a 4500
999 _c531180
_d531180
008 250729b ||||| |||| 00| 0 eng d
100 _aJha, Dhirendra K.
_955879
245 _aGolwalkar: Te myth behind the man, the man behind the machine
260 _aSocial Scientist
300 _a53(3-4), Mar-Apr, 2025: p.72-76
520 _aNew Delhi: Simon and Schuster India, 2024, xiv+386 pages, Rs. 899. Reproduced
773 _aSocial Scientist
906 _aBOOK REVIEW
942 _cAR